<?xml version="1.0" encoding="utf-8"?>
<?xml-stylesheet type='text/xsl' href='./oai2.xsl'?>
<OAI-PMH xmlns="http://www.openarchives.org/OAI/2.0/" xmlns:xsi="http://www.w3.org/2001/XMLSchema-instance" xsi:schemaLocation="http://www.openarchives.org/OAI/2.0/ http://www.openarchives.org/OAI/2.0/OAI-PMH.xsd">
  <responseDate>2026-06-07T07:40:32Z</responseDate>
  <request verb="GetRecord" metadataPrefix="marcxml" identifier="record_kuniweb_1290003">https://kulturerbe.niedersachsen.de/oai</request>
  <GetRecord>
    <record>
      <header>
        <identifier>record_kuniweb_1290003</identifier>
        <datestamp>2024-04-10T10:39:58Z</datestamp>
        <setSpec>slg0221</setSpec>
      </header>
      <metadata>
        <marc:record xmlns:marc="http://www.loc.gov/MARC21/slim" xsi:schemaLocation="http://www.loc.gov/MARC21/slim http://www.loc.gov/standards/marcxml/schema/MARC21slim.xsd">
          <marc:leader>12345nrm  22     uu 4500</marc:leader>
          <marc:controlfield tag="001">1290003</marc:controlfield>
          <marc:controlfield tag="003">http://kuniweb.gbv.de</marc:controlfield>
          <marc:controlfield tag="005">2019-05-15T13:03:01</marc:controlfield>
          <marc:controlfield tag="008">|           ||||||||||||||||||||||</marc:controlfield>
          <marc:datafield tag="245" ind1="1" ind2="0">
            <marc:subfield code="a">Anbietschale, um 1755 (Franz Meyer)</marc:subfield>
          </marc:datafield>
          <marc:datafield tag="655" ind1=" " ind2="7">
            <marc:subfield code="a">Kunsthandwerk</marc:subfield>
          </marc:datafield>
          <marc:datafield tag="046" ind1=" " ind2=" ">
            <marc:subfield code="k">1750</marc:subfield>
            <marc:subfield code="k">ca. 1750 - ca. 1760</marc:subfield>
            <marc:subfield code="l">1760</marc:subfield>
          </marc:datafield>
          <marc:datafield tag="260" ind1=" " ind2=" ">
            <marc:subfield code="g">1750</marc:subfield>
            <marc:subfield code="g">1760</marc:subfield>
            <marc:subfield code="g">ca. 1750 - ca. 1760</marc:subfield>
          </marc:datafield>
          <marc:datafield tag="300" ind1=" " ind2=" ">
            <marc:subfield code="a">Länge: 15,5 cm
Breite: 11,9 cm
Höhe: 4,5 cm</marc:subfield>
          </marc:datafield>
          <marc:datafield tag="520" ind1=" " ind2=" ">
            <marc:subfield code="a">oval auf leicht eingezogenem glatten Stand, viertelkreisförm. Standfuß und Schalenrand godroniert, Kehlung der Schale und Spiegelmitte mit feinem Bandelwerk im Stil der Régence graviert und ziseliert, auf der Standfläche Reste entfernter umlaufender Namensgravur (O. Rennebeck 09/2017)

Stempel:
[Schwan] (mittig zwischen MZ und BZ = Einfuhrstempel Frankreich für Silberarbeiten aus Ländern ohne Handelsvertrag ab Juli 1793)

Stempel:
"F. M." / [Stadtmarke Otterndorf] (Franz Meyer, 1722-1793 am Schalenrand)

Beschrieben in:
Olaf Rennebeck: Neues aus der Silberkammer, in: mit_teilungen der Kranichhaus-Gesellschaft Otterndorf e.V., 19/2018, S. 38ff.</marc:subfield>
          </marc:datafield>
          <marc:datafield tag="650" ind1="1" ind2=" ">
            <marc:subfield code="a">Behältnis, Hülle &gt; Behältnis &gt; Gefäß &gt; Schüssel, Schale &gt; Schale &gt; Fußschale</marc:subfield>
          </marc:datafield>
          <marc:datafield tag="650" ind1="1" ind2=" ">
            <marc:subfield code="a">Goldschmied/Silberschmied</marc:subfield>
          </marc:datafield>
          <marc:datafield tag="650" ind1="1" ind2=" ">
            <marc:subfield code="a">Tafelzubehör</marc:subfield>
          </marc:datafield>
          <marc:datafield tag="773" ind1="0" ind2=" ">
            <marc:subfield code="t">Sammlung "Kulturerbe" im Kranichhaus</marc:subfield>
          </marc:datafield>
          <marc:datafield tag="852" ind1=" " ind2=" ">
            <marc:subfield code="a">Kranichhaus. Museum des Landes Hadeln</marc:subfield>
          </marc:datafield>
          <marc:datafield tag="852" ind1=" " ind2=" ">
            <marc:subfield code="a">Otterndorf</marc:subfield>
          </marc:datafield>
          <marc:datafield tag="" ind1=" " ind2=" ">
            <marc:subfield code="a">Namensnennung - Nicht kommerziell - Keine Bearbeitungen 4.0 International (CC BY-NC-ND 4.0)</marc:subfield>
          </marc:datafield>
        </marc:record>
      </metadata>
    </record>
  </GetRecord>
</OAI-PMH>
